[Event "2nd Sharjah Masters 2018"]
[Site "Sharjah"]
[Date "2018.04.19"]
[Round "9"]
[White "Sidhant, Mohapatra"]
[Black "El Jawich, Amro"]
[Result "1-0"]
[WhiteElo "2382"]
[BlackElo "2254"]
[Annotator "TA"]
[PlyCount "45"]
[EventDate "2018.??.??"]
[EventType "swiss"]
[EventCountry "UAE"]
[SourceTitle "playchess.com"]
[Source "ChessBase"]
[SourceQuality "1"]

{[%evp 16,45,14,43,40,29,68,68,57,58,68,58,70,0,0,0,0,-93,30,0,376,387,389,216,377,390,408,407,405,405,410,412]} 1. e4 c5 2. Nf3 Nc6 3. d4 cxd4 4. Nxd4 Nf6 5. Nc3 d6 {[%cal Bd7d6,Bd6d5][%mdl 32]} 6. Bg5 e6 7. Qd2 a6 8. Nxc6 {B66: Sicilian: Richter-Rauzer: 7...a6 8 0-0-0 h6} (8. O-O-O Bd7 9. f3 Nxd4 10. Qxd4 Be7 11. Kb1 b5 12. Bxf6 gxf6 13. Ne2 Rc8 14. Qd2 Qb6 15. Nf4 h5 16. g3 Rc7 17. Bd3 Kd8 18. c3 {½-½ (41) Anand,V (2776)-Carlsen,M (2843) Karlsruhe/Baden-Baden 2018}) 8... bxc6 9. O-O-O {LiveBook: 15 Games. Threatens to win with e5!} d5 10. Qe3 {aiming for exd5.White is slightly better.} Be7 {...Ng4 is the strong threat.} 11. Bxf6 gxf6 12. Bc4 {[%cal Re4d5]} Bb7 13. Rhe1 Qc7 {[#]} 14. exd5 $146 (14. Bb3 $14) ({Predecessor:} 14. Bb3 Rg8 15. g3 a5 {½-½ (37) Voiculescu,C (2583)-Bokar,J (2576) ICCF email 2010}) 14... cxd5 $11 15. Bxd5 exd5 16. Rxd5 (16. Nxd5 $11 {keeps the balance.} Bxd5 17. Rxd5) 16... h6 (16... Rc8 $1 $17 17. Kb1 Rg8) 17. Qd4 {Strongly threatening Qxf6.} (17. Rc5 $5 {[%cal Rc5c7]} Qd6 {[#]} 18. Nd5 $1 {[%mdl 512]} Bxd5 19. Rxd5 $1 $11 {[%mdl 512]}) 17... Rc8 $2 {[%mdl 8192]} ({But not} 17... O-O $2 18. Rd7 $18) (17... Rg8 $11) 18. Qxf6 $1 $18 {[%cal Rf6h8]} Bxd5 19. Qxh8+ Kd7 20. Qd4 {White is winning.} Qc4 21. Qxd5+ Qxd5 22. Nxd5 Bc5 23. f3 {Precision: White = 90%, Black = 47%.} 1-0

[Event "2nd Sharjah Masters 2018"]
[Site "Sharjah"]
[Date "2018.04.19"]
[Round "9"]
[White "Assaubayeva, Bibisara"]
[Black "Salim Mohammed Salim Al Amri"]
[Result "1-0"]
[WhiteElo "2359"]
[BlackElo "1970"]
[Annotator "TA"]
[PlyCount "65"]
[EventDate "2018.??.??"]
[EventType "swiss"]
[EventCountry "UAE"]
[SourceTitle "playchess.com"]
[Source "ChessBase"]
[SourceQuality "1"]

{[%evp 26,64,90,79,140,122,153,136,126,103,343,338,341,341,899,876,926,672,906,681,671,665,655,642,637,641,638,629,528,577,707,725,750,733,861,873,1334,1280,29998,29999,29999]} 1. d4 Nf6 2. c4 c5 3. d5 e6 4. Nc3 exd5 5. cxd5 d6 6. Nf3 g6 7. h3 Bg7 8. e4 O-O 9. Bd3 b5 10. Nxb5 Nxe4 11. Bxe4 Re8 12. Ng5 Qa5+ 13. Nc3 Ba6 14. f3 {LiveBook: 3 Games. A70: Modern Benoni: 6 e4 g6 7 Nf3} (14. Bd2 Nd7 15. Qc2 Rab8 16. O-O-O Ne5 17. Rhe1 Rec8 18. Na4 Rb4 19. f4 Nc4 20. Bf5 Rcb8 21. Bxb4 Qxb4 {½-½ (37) Jobava,B (2717)-Mamedyarov,S (2764) Tashkent 2014}) 14... f5 ({Of course not} 14... h6 15. Ne6 $16) (14... Bd4 $142) 15. Kf2 $16 fxe4 $146 ({Predecessor:} 15... Bd4+ 16. Kg3 Be5+ 17. Bf4 Bxf4+ 18. Kxf4 Qb4 19. Qa4 Re7 20. Kg3 h6 21. Ne6 Qxa4 22. Nxa4 fxe4 23. fxe4 {1-0 (43) Budnikov,A (2540)-Keil,U Berlin 1992}) 16. Ncxe4 {White is clearly better.} Nd7 17. Ne6 {aiming for Bd2.} Rxe6 $2 (17... Nf6 $16 {is a better defense.}) 18. dxe6 $18 {[%cal Bd5e6,Be6e7][%mdl 32]} Ne5 19. Qd5 ({Avoid the trap} 19. Nxd6 $2 Nd3+ 20. Kg3 Qc7 $19) 19... Nd3+ $2 (19... Re8 20. e7+ (20. Qxd6 Nd3+ 21. Kg3 Be5+ 22. Qxe5 Nxe5 $17) 20... Nf7) 20. Kg3 Re8 21. e7+ Kh8 22. Qf7 Bb5 {intending ...Qc7.} 23. Nf6 {[#] Bh6 would kill now.} Ne5 24. Qxe8+ Bxe8 25. Nxe8 Nc6 26. Nxg7 Nxe7 27. Bg5 Ng8 28. Ne6 d5 29. Rhe1 d4 30. Bf4 h5 31. Ng5 {[#] White wants to mate with Be5+.} Nh6 32. Re8+ Kg7 33. Be5# 1-0

[Event "2nd Sharjah Masters 2018"]
[Site "Sharjah"]
[Date "2018.04.19"]
[Round "9"]
[White "Soumya, Swaminathan"]
[Black "Nyazi, Nehad"]
[Result "1-0"]
[WhiteElo "2354"]
[BlackElo "2213"]
[Annotator "TA"]
[PlyCount "55"]
[EventDate "2018.??.??"]
[EventType "swiss"]
[EventCountry "UAE"]
[SourceTitle "playchess.com"]
[Source "ChessBase"]
[SourceQuality "1"]

{[%evp 12,55,28,0,0,-26,-27,-52,-53,-42,-43,-63,-40,-71,-36,-58,-18,-63,-44,-97,6,12,5,0,14,0,67,57,93,107,207,215,190,193,381,376,572,497,488,479,637,629,619,613,612,597]} 1. e4 c6 2. d4 d5 3. e5 Bf5 4. Nd2 e6 5. Nb3 Nd7 6. Nf3 Qc7 {B12: Caro-Kann: Advance Variation} (6... c5 7. dxc5 a6 8. Be3 Ne7 9. Be2 Be4 10. Ng5 Nxe5 11. Nxe4 dxe4 12. c3 Nf5 13. Bd4 Nc6 14. O-O {½-½ (41) Anand,V (2776)-Caruana,F (2784) Karlsruhe/Baden-Baden 2018}) 7. Be3 {LiveBook: 4 Games} f6 {[%cal Rf6e5]} 8. exf6 Ngxf6 {Black has an edge.} 9. Be2 Bd6 10. h3 O-O 11. O-O Rae8 $146 ({Predecessor:} 11... Bg6 12. Rc1 e5 13. dxe5 Nxe5 14. Nbd4 {0-1 (76) Sokolova,V (2078)-Solovjova,V (2276) St Petersburg 2010}) 12. a4 Ne4 13. a5 Rf6 14. Kh1 Ref8 15. Nc1 (15. Nbd2 $15) 15... g5 (15... c5 $17) 16. Nxg5 $11 Nxg5 17. Bxg5 Rg6 18. Be3 {[%cal Bg5e3,Be3f4,Bf4d6][%mdl 32]} Nf6 ({Black should play} 18... Qd8 $1 $11 19. Bh5 Qh4 20. Bxg6 hxg6) 19. Nd3 $1 $14 Be4 20. f3 Qg7 (20... Bf5 $16 {was worth a try.}) 21. Bf4 $18 ({Much less strong is} 21. fxe4 $6 Rxg2 22. Rf2 Rg3 $16) 21... Bxd3 22. Bxd6 Rd8 $2 {[#]} (22... Bxe2 23. Qxe2 (23. Bxf8 Kxf8 24. Qxe2 Nh5 $16) 23... Re8) 23. Bxd3 Rxg2 (23... Rxd6 $142 24. Bxg6 hxg6) 24. Be5 {White is clearly winning.} Kf7 25. Qc1 Rg3 26. Bxg3 Qxg3 27. Qd2 Rg8 28. Qh2 {Precision: White = 52%, Black = 16%.} 1-0

[Event "2nd Sharjah Masters 2018"]
[Site "Sharjah"]
[Date "2018.04.19"]
[Round "9"]
[White "Hejazipour, Mitra"]
[Black "Nikhil Magizhnan"]
[Result "1-0"]
[WhiteElo "2304"]
[BlackElo "2105"]
[Annotator "TA"]
[PlyCount "131"]
[EventDate "2018.??.??"]
[EventType "swiss"]
[EventCountry "UAE"]
[SourceTitle "playchess.com"]
[Source "ChessBase"]
[SourceQuality "1"]

{[%evp 16,131,38,33,39,46,66,28,39,31,33,26,171,166,116,116,163,118,231,219,196,39,171,184,171,192,179,180,167,193,185,185,181,143,129,145,182,178,182,183,183,176,176,179,215,215,215,215,235,221,230,192,209,209,209,196,222,214,263,264,256,258,278,268,263,247,336,177,168,140,222,227,327,309,491,327,596,587,1319,775,2314,1902,29977,29978,29975,29976,29979,12845,29970,5314,4137,4133,29979,29980,29979,29981,29981,29982,29982,29983,29983,29984,29977,29985,29985,29986,29986,29987,29987,29988,29988,29987,29989,29990,29991,29992,29992,29993]} 1. c4 e6 2. g3 d5 3. Bg2 Nf6 4. Nf3 Be7 5. O-O O-O 6. d4 dxc4 7. Qc2 a6 8. a4 {[%cal Ba2a4,Ba4a5,Ba5b6][%mdl 32]} Nbd7 9. Rd1 {LiveBook: 10 Games. E05: Open Catalan: 5 Nf3 Be7} (9. Qxc4 b5 10. Qc2 Bb7 11. Bg5 Be4 12. Qc1 c5 13. Nbd2 Bb7 14. axb5 axb5 15. Rxa8 Bxa8 16. dxc5 Bxc5 17. Bxf6 Qxf6 18. Qc2 h6 19. Ne1 Bxg2 20. Kxg2 Rb8 21. Ne4 Qf5 22. Nxc5 Qxc5 23. Qxc5 Nxc5 24. b4 Na4 25. Nd3 Rc8 26. Rc1 {½-½ (26) Bruzon Batista,L (2668)-Obregon Rivero,J (2548) Merida 2014}) 9... Rb8 10. a5 c5 11. Nbd2 {White is slightly better.} (11. Qxc4 $6 b5 $11) 11... b5 $1 {Hoping for ...Bb7.} 12. axb6 $1 Bb7 $1 13. Nxc4 {Black must now prevent Bf4.} Rc8 $146 (13... Be4 $11 14. Qa4 Nxb6 15. Nxb6 Qxb6) ({Predecessor:} 13... Be4 14. Qb3 Nxb6 15. Bf4 Bd5 16. Nfd2 Nxc4 17. Qxb8 Qxb8 18. Bxb8 Rxb8 19. Bxd5 exd5 20. Nxc4 dxc4 21. dxc5 Bxc5 22. Rxa6 {1-0 (75) Grupe,H-Gruen,G Freiburg 1978}) 14. Nfe5 $36 {[%mdl 2048] White has strong initiative.} Bxg2 15. Kxg2 cxd4 16. Rxd4 Bc5 (16... Nd5 $16) 17. Rd1 {And now Qa4 would win.} Bxb6 18. Bf4 $2 (18. Rxa6 Qc7 $15) ({White should try} 18. Qa4 $1 $18 {[%cal Re5d7]} Qc7 19. Rxd7 Nxd7 20. Qxd7) 18... Qc7 {[#]} (18... Nd5 $14) 19. Nxd7 $1 Qc6+ 20. e4 $1 Nxd7 {[#]} 21. Rxd7 $1 {[%mdl 512]} Qxd7 22. Nxb6 Rxc2 23. Nxd7 Rd8 24. Rd1 {aiming for Nf6+!} Kh8 25. Be5 Rc6 {intending ...f6.} 26. Rd3 f6 27. Bc3 Rc7 28. Nc5 {[%cal Rd3d8]} Rxd3 29. Nxd3 Kg8 30. e5 Kf7 31. Kf3 Rc8 32. Ke3 Rc4 33. f4 h5 34. exf6 gxf6 35. Nf2 Rc6 36. Ne4 e5 37. fxe5 fxe5 38. Bxe5 Ke6 39. Kf4 Rc4 {[#]} 40. b3 $1 {[%cal Rb3c4]} Rc8 41. Bd6 (41. h4 $142) 41... a5 42. Ba3 Rc2 (42... Kd5 $16) 43. h4 Ra2 (43... Rc8 $142 44. g4 hxg4) 44. Bc5 Kf7 (44... Ra1 {might work better.} 45. Ba7 Kf7) 45. Kg5 Rb2 $2 (45... a4 46. bxa4 (46. Kxh5 axb3 47. Ng5+ Kg8 $11) 46... Rxa4) 46. Kxh5 Rxb3 47. g4 a4 48. g5 a3 49. g6+ Ke6 50. Ng5+ Kf6 51. Bd4+ (51. Bf8 $142 Rb7 52. Nh7+ Ke6 53. g7 Rxg7 54. Bxg7 Kf7 55. Kh6 Ke7 56. Ng5) 51... Kf5 52. g7 (52. Ba1 $142 Rb8 53. g7 Kf4 54. Ne6+ Kf3 55. Nf8 Rb5+ 56. Kh6 Rb6+ 57. Kh7) 52... Rb8 53. Nf7 a2 54. Ba1 {White mates.} Kf4 55. Nh6 Rb5+ 56. Kg6 Rb6+ 57. Kh7 Rb7 58. Kh8 Rb8+ 59. g8=Q Rxg8+ 60. Kxg8 Kg3 61. Nf5+ Kg4 62. Kg7 Kh5 63. Kf6 Kg4 64. Kg6 Kf4 65. h5 {[%cal Bh4h5,Bh5h6][%mdl 32]} Kg4 66. h6 {Precision: White = 71%, Black = 34%.} 1-0

[Event "2nd Sharjah Masters 2018"]
[Site "Sharjah"]
[Date "2018.04.19"]
[Round "9"]
[White "Dixit, Nikhil"]
[Black "Jishitha D"]
[Result "1/2-1/2"]
[WhiteElo "2285"]
[BlackElo "2083"]
[Annotator "TA"]
[PlyCount "78"]
[EventDate "2018.??.??"]
[EventType "swiss"]
[EventCountry "UAE"]
[SourceTitle "playchess.com"]
[Source "ChessBase"]
[SourceQuality "1"]

{[%evp 10,78,36,36,53,17,36,14,35,-14,19,0,0,-8,0,0,0,-10,-8,-2,10,0,43,43,37,-2,0,0,0,5,12,0,0,0,0,0,0,0,0,0,0,0,0,0,0,0,6,5,13,14,13,8,13,0,0,0,0,0,0,0,0,0,0,0,0,0,0,0,0,0,0]} 1. e4 c5 2. Nf3 Nc6 3. Bb5 Nd4 4. Nxd4 cxd4 5. O-O a6 6. Bc4 {LiveBook: 6 Games. B30: Sicilian: 2...Nc6 3 Bb5, lines without ...g6} e6 (6... Nf6 7. d3 Qc7 8. Qe2 b5 9. Bb3 Bb7 10. Bg5 e6 11. Nd2 Be7 12. Nf3 e5 13. Nh4 h6 14. Bxf6 Bxf6 {0-1 (39) Fell,S (2325)-Liascovich,L (2482) Villa Martelli 2015}) 7. c3 b5 8. Bb3 {White is slightly better.} Bb7 9. Re1 d5 $146 ({Find the theoretical novelty and annotate with similar games:} 9... Bc5 10. d3 Qf6 11. c4 Ne7 12. Qh5 Rc8 13. Bd2 Qg6 14. Qxg6 hxg6 15. cxb5 axb5 {½-½ (60) Kalyinka,R (2073)-Szilagyi,S (2030) Hungary 2006}) 10. exd5 Bxd5 11. cxd4 Nf6 12. Bxd5 Qxd5 13. Nc3 Qxd4 14. Qf3 Ra7 15. d3 {[#] aiming for Be3.} Qd7 (15... Qd8 {NOTEXT} 16. Be3 Rd7 17. Qc6 Be7 18. Qxa6 b4) 16. Be3 Rc7 17. Bf4 Rc8 {The position is equal.} 18. d4 Be7 19. d5 exd5 20. Bg5 {Hoping for Bxf6.} O-O {[#]} 21. Rxe7 $1 {[%mdl 512]} Qxe7 22. Nxd5 Qe6 23. Nxf6+ gxf6 24. Bh6 {White threatens Qg3+ and mate.} Rc4 25. h3 Qe5 26. Bxf8 Kxf8 $11 {[%mdl 4096] Endgame KQR-KQR} 27. Rd1 Rd4 28. Rc1 Rc4 29. Rxc4 bxc4 {KQ-KQ} 30. Qa3+ Kg7 31. Qxa6 Qe1+ 32. Kh2 Qe5+ 33. Kg1 Qe1+ 34. Kh2 Qe5+ 35. g3 Qxb2 36. Qxc4 Qxf2+ 37. Kh1 Qf3+ (37... Qxg3 38. Qg4+ Qxg4 39. hxg4 $18) 38. Kh2 {Black must now prevent Qg4+.} Qf2+ 39. Kh1 Qf3+ {Precision: White = 58%, Black = 44%.} ({Avoid the trap} 39... Qxg3 $2 40. Qg4+ Qxg4 41. hxg4 $18) 1/2-1/2

[Event "2nd Sharjah Masters 2018"]
[Site "Sharjah"]
[Date "2018.04.19"]
[Round "9"]
[White "Pranav Vijay"]
[Black "Maroroa, Sue"]
[Result "1-0"]
[WhiteElo "2265"]
[BlackElo "2102"]
[Annotator "NA RC"]
[PlyCount "129"]
[EventDate "2018.??.??"]
[EventType "swiss"]
[EventCountry "UAE"]
[SourceTitle "playchess.com"]
[Source "ChessBase"]
[SourceQuality "1"]
[TimeControl "5400+30"]

1. d4 {[%emt 0:00:00]} Nf6 {[%emt 0:00:04]} 2. Nc3 {[%emt 0:00:00]} d5 {[%emt 0:00:06]} 3. Bf4 {[%emt 0:00:00]} e6 {[%emt 0:02:05]} 4. Nb5 {[%emt 0:00:26] D00: 1 d4 d5: Unusual lines} Na6 {[%emt 0:00:20]} 5. e3 {[%emt 0:00:21]} Be7 {[%emt 0:03:03]} 6. Nf3 {[%emt 0:01:24]} Nh5 $146 {[%emt 0:01:15]} ({Predecessor:} 6... O-O 7. a3 c5 8. c3 Bd7 9. a4 Nh5 10. Bd6 Bxd6 11. Nxd6 Qb6 {½-½ (38) Jobava,B (2687)-Iturrizaga Bonelli,E (2662) Linares 2017}) 7. Be5 {[%emt 0:01:23]} Nf6 {[%emt 0:01:07]} 8. Nc3 {[%emt 0:01:19]} Nb8 {[%emt 0:01:11]} 9. Nb5 {[%emt 0:04:23]} Na6 {[%emt 0:00:19]} 10. c4 {[%emt 0:00:13]} Bb4+ {[%emt 0:01:45]} 11. Nc3 {[%emt 0:00:08]} O-O {[%emt 0:03:41]} 12. a3 {[%emt 0:00:27]} Bxc3+ {[%emt 0:04:57]} 13. bxc3 {[%emt 0:00:18]} Nb8 {[%emt 0:03:46]} 14. Bd3 {[%emt 0:01:22]} dxc4 {[%emt 0:01:41]} 15. Bxc4 {[%emt 0:00:22]} Nc6 {[%emt 0:00:15]} 16. O-O {[%emt 0:00:44]} b6 {[%emt 0:04:40]} 17. Bd3 {[%emt 0:03:36]} Bb7 {[%emt 0:03:44]} 18. Bxf6 {[%emt 0:00:49]} Qxf6 {[%emt 0:01:33]} 19. Be4 {[%emt 0:00:17]} Na5 {[%emt 0:01:52]} 20. Bxb7 {[%emt 0:00:56]} Nxb7 {[%emt 0:01:04]} 21. Ne5 {[%emt 0:00:08]} Rfd8 {[%emt 0:02:07]} 22. f4 {[%emt 0:00:35]} Nd6 {[%emt 0:00:24]} 23. Qf3 {[%emt 0:01:16]} Qh6 {[%emt 0:04:32]} 24. Qc6 {[%emt 0:05:31]} (24. a4 $16) 24... f6 {[%emt 0:02:13]} 25. Nf3 {[%emt 0:02:42]} Rac8 {[%emt 0:01:20]} 26. Rae1 {[%emt 0:02:09]} Qg6 {[%emt 0:00:31]} 27. Nd2 {[%emt 0:01:41]} Qe8 {[%emt 0:03:25]} 28. Qf3 {[%emt 0:00:39]} c5 {[%emt 0:00:10]} 29. Qh3 {[%emt 0:12:23]} Qd7 {[%emt 0:10:24]} 30. a4 {[%emt 0:02:17]} e5 {[%emt 0:01:12]} 31. Qxd7 {[%emt 0:01:28]} Rxd7 {[%emt 0:00:09]} 32. fxe5 {[%emt 0:00:27]} fxe5 {[%emt 0:00:43]} 33. dxe5 {[%emt 0:00:01]} Nf7 $14 {[%emt 0:01:38]} 34. e6 {[%emt 0:01:01]} Rxd2 {[%emt 0:00:06]} 35. Rxf7 {[%emt 0:00:09]} Rd6 {[%emt 0:00:39]} 36. Re7 {[%emt 0:01:58]} Kf8 {[%emt 0:01:27]} 37. Rxa7 {[%emt 0:00:35]} Rxe6 {[%emt 0:00:04]} 38. Rf1+ {[%emt 0:00:10]} Kg8 {[%emt 0:01:47]} 39. Rff7 {[%emt 0:00:09]} Rg6 {[%emt 0:00:55]} 40. g3 h5 {[%emt 0:01:28]} 41. Kf2 {[%emt 0:06:14]} Rd8 {[%emt 0:02:23]} 42. Ke2 {[%emt 0:02:17]} h4 {[%emt 0:01:05]} 43. gxh4 {[%emt 0:02:53]} Rg2+ {[%emt 0:14:11]} 44. Rf2 {[%emt 0:00:43]} Rd2+ {[%emt 0:05:27]} 45. Kxd2 {[%emt 0:00:08]} Rxf2+ {[%emt 0:00:03]} 46. Kd3 {[%emt 0:00:09]} Rxh2 {[%emt 0:00:05]} 47. Kc4 {[%emt 0:00:45]} Rxh4+ {[%emt 0:00:18]} 48. Kb5 {[%emt 0:00:01]} g5 {[%emt 0:10:25]} 49. Rb7 {[%emt 0:03:19]} Rh7 {[%emt 0:01:16]} 50. Rb8+ {[%emt 0:05:15]} Kg7 {[%emt 0:00:01]} 51. Rxb6 {[%emt 0:00:52]} g4 {[%emt 0:00:40]} 52. Kxc5 {[%emt 0:00:13]} Rh5+ {[%emt 0:00:25]} 53. Kd4 {[%emt 0:01:05]} g3 {[%emt 0:00:30]} 54. Rb1 {[%emt 0:00:13]} Kf6 {[%emt 0:00:59]} 55. Rg1 {[%emt 0:00:32]} Rg5 {[%emt 0:00:21]} 56. e4 {[%emt 0:00:28]} Ke6 {[%emt 0:01:00]} 57. a5 {[%emt 0:01:22]} Kd6 {[%emt 0:02:10]} 58. a6 {[%emt 0:00:23]} Kc7 {[%emt 0:00:07]} 59. a7 {[%emt 0:00:31]} Kb7 {[%emt 0:00:06]} 60. Ke3 {[%emt 0:00:13]} Kxa7 {[%emt 0:00:31]} 61. Kf4 {[%emt 0:00:27]} Rc5 {[%emt 0:00:36]} 62. Rxg3 {[%emt 0:00:11]} Kb6 {[%emt 0:00:02]} 63. e5 {[%emt 0:00:10]} Rd5 {[%emt 0:00:22]} 64. Ke4 {[%emt 0:00:33]} Rd1 {[%emt 0:00:14]} 65. Rd3 {[%emt 0:00:14]} 1-0

[Event "2nd Sharjah Masters 2018"]
[Site "Sharjah"]
[Date "2018.04.19"]
[Round "9"]
[White "Raahul V S"]
[Black "Balasubramaniam H"]
[Result "1/2-1/2"]
[WhiteElo "2258"]
[BlackElo "2060"]
[Annotator "NA RC"]
[PlyCount "78"]
[EventDate "2018.??.??"]
[EventType "swiss"]
[EventCountry "UAE"]
[SourceTitle "playchess.com"]
[Source "ChessBase"]
[SourceQuality "1"]
[TimeControl "5400+30"]

1. c4 {[%emt 0:00:00]} c5 {[%emt 0:00:29]} 2. Nf3 {[%emt 0:00:00]} b6 {[%emt 0:00:07]} 3. d4 {[%emt 0:00:00]} cxd4 {[%emt 0:00:06]} 4. Nxd4 {[%emt 0:00:00]} Bb7 {[%emt 0:00:04]} 5. Nc3 {[%emt 0:00:37]} Nf6 {[%emt 0:00:04]} 6. f3 {[%emt 0:00:27]} e6 {[%emt 0:01:06]} 7. e4 {[%emt 0:00:21]} d6 {[%emt 0:00:07]} 8. Be2 {[%emt 0:00:37]} a6 {[%emt 0:00:39]} 9. O-O {[%emt 0:00:25]} Be7 {[%emt 0:00:17]} 10. Be3 {[%emt 0:02:13]} O-O {[%emt 0:00:07]} 11. Qd2 {[%emt 0:01:15]} Nbd7 {[%emt 0:00:26]} 12. Rac1 {[%emt 0:01:02]} Qc7 {[%emt 0:01:28]} 13. Rfd1 {[%emt 0:03:31]} Rac8 {[%emt 0:00:26]} 14. b4 {[%emt 0:04:17]} Qb8 {[%emt 0:03:18] A31: Symmetrical English: 2 Nf3 Nf6 3 d4} 15. Nb3 {[%emt 0:00:38]} (15. a3 Rfe8 16. Nb3 Bc6 17. Kh1 h6 18. Bf1 Ne5 19. Qf2 Bd7 20. Nb1 Ba4 21. N1d2 b5 22. c5 dxc5 23. Bxc5 Bxc5 24. Rxc5 {0-1 (62) Negi,P (2664)-Hou,Y (2683) Saint Louis 2015}) 15... Bd8 {[%emt 0:04:21]} 16. Bf4 {[%emt 0:00:22]} Ne5 {[%emt 0:00:19]} 17. Qe3 $146 {[%emt 0:14:22]} ({Predecessor:} 17. Bxe5 dxe5 18. a3 Bc6 19. Qd6 Qxd6 20. Rxd6 Be7 21. Rdd1 Ra8 22. Ra1 {1-0 (43) Csirik,A (2225)-Luch,M (2383) Zalakaros 2008}) 17... Nh5 {[%emt 0:07:03]} 18. Bxe5 {[%emt 0:00:30]} dxe5 {[%emt 0:00:02]} 19. g3 {[%emt 0:00:11]} h6 {[%emt 0:11:18]} 20. Rxd8 {[%emt 0:01:43]} Rfxd8 {[%emt 0:05:52]} 21. Qxb6 {[%emt 0:00:46]} Rd6 {[%emt 0:07:02]} 22. Qf2 {[%emt 0:03:43]} Nf6 {[%emt 0:00:47]} 23. c5 $16 {[%emt 0:00:18]} Rdd8 {[%emt 0:00:43]} 24. Na4 {[%emt 0:03:35]} Nd7 {[%emt 0:02:42]} 25. Nb2 {[%emt 0:01:19]} Bc6 {[%emt 0:03:11]} 26. Bxa6 {[%emt 0:03:08]} Qxb4 {[%emt 0:01:29]} 27. Nd3 {[%emt 0:03:19]} Qa3 {[%emt 0:03:13]} 28. Bxc8 {[%emt 0:00:08]} Rxc8 {[%emt 0:00:01]} 29. Qd2 {[%emt 0:04:07]} Qa7 {[%emt 0:01:35]} 30. Qa5 {[%emt 0:01:00]} Qb7 {[%emt 0:00:29]} 31. Qc3 {[%emt 0:02:01]} Qa7 {[%emt 0:05:55]} 32. Nxe5 {[%emt 0:11:26]} Nxe5 {[%emt 0:00:04]} 33. Qxe5 {[%emt 0:00:03]} Qxa2 {[%emt 0:00:04]} 34. Qc3 {[%emt 0:00:02]} Rb8 {[%emt 0:05:41]} 35. Nd4 {[%emt 0:03:16]} Rb2 {[%emt 0:00:09]} 36. Rc2 {[%emt 0:00:10]} Qa1+ {[%emt 0:01:03]} 37. Rc1 {[%emt 0:00:02]} Qa2 {[%emt 0:00:05]} 38. Nc2 {[%emt 0:00:49]} Rb3 {[%emt 0:04:57]} 39. Qd4 {[%emt 0:06:56]} Rb1 {[%emt 0:02:15]} 1/2-1/2

[Event "2nd Sharjah Masters 2018"]
[Site "Sharjah"]
[Date "2018.04.19"]
[Round "9"]
[White "Ashwath, R.."]
[Black "Rajdeep Sarkar"]
[Result "1/2-1/2"]
[WhiteElo "2250"]
[BlackElo "2393"]
[Annotator "TA"]
[PlyCount "121"]
[EventDate "2018.??.??"]
[EventType "swiss"]
[EventCountry "UAE"]
[SourceTitle "playchess.com"]
[Source "ChessBase"]
[SourceQuality "1"]

{[%evp 14,121,43,24,103,103,103,103,98,94,100,104,91,90,91,88,113,0,0,0,0,0,0,0,0,0,0,0,0,-17,-21,-20,-16,-66,-70,-66,-67,-69,-65,-67,-58,-73,-73,-75,-69,-75,-64,-70,-74,-95,-89,-120,-67,-52,-52,-76,-56,-93,-100,-106,-68,-73,-81,-72,-89,-104,-92,-128,-112,-114,-72,-160,-160,-160,-159,-208,-170,-295,0,0,0,0,0,0,0,0,0,0,0,0,0,0,0,0,0,0,0,0,0,0,0,0,0,0,0,0,0,0,0,0]} 1. d4 e6 2. c4 b6 3. e4 Bb7 4. Bd3 Bb4+ 5. Bd2 Bxd2+ 6. Qxd2 {A40: Unusual replies to 1 d4} f5 7. Nc3 Nf6 8. f3 {LiveBook: 11 Games. White is slightly better.} O-O (8... fxe4 $11 {remains equal.} 9. fxe4 d6) 9. exf5 $16 exf5 10. Bxf5 $146 ({Find the theoretical novelty and annotate with similar games:} 10. Nge2 d5 11. O-O Qd7 12. Nf4 Nc6 13. cxd5 {1-0 (52) Rausis,I (2589)-Vavra,P (2391) Czech Republic 2017}) 10... Nh5 11. Be4 Bxe4 12. Nxe4 d5 13. cxd5 Nf4 14. O-O-O Qxd5 15. Kb1 (15. g3 $16 Qc6+ 16. Kb1) 15... Nc6 $11 16. Ne2 Nxe2 17. Qxe2 Nxd4 18. Nc3 Qf5+ 19. Qe4 c5 20. Qxf5 Rxf5 21. Rde1 Rg5 22. Rhg1 Rf8 23. Ne2 Nxe2 24. Rxe2 {[#]} Rxf3 $1 $15 {[%mdl 4608] Endgame KRR-KRR} 25. Rd1 (25. gxf3 Rxg1+) 25... Rf8 26. Rd7 a5 27. Rb7 Rg6 28. Kc2 h5 29. g3 Rf3 30. Rd7 Kh7 31. Rd5 Kh6 32. Re8 {[%cal Re8h8]} Rgf6 (32... Rf2+ $17 33. Rd2 Rgf6) 33. Rh8+ Kg6 34. Rhxh5 Rf2+ 35. Kd3 Rxb2 36. Rhg5+ Kh7 37. Rd7 Rg6 $1 {[%cal Rg6g5]} 38. Rh5+ Kg8 $1 39. Rd8+ Kf7 40. Rd7+ Ke6 $1 {[%cal Re6d7]} 41. Rhd5 Rf6 42. g4 (42. h4 $142) 42... Rxa2 $17 43. g5 Rf1 {Threatens to win with ...Rd1+.} 44. Kc4 {[#]} Rb2 $1 {...Rc1+ is the strong threat.} 45. R5d6+ {[#]} (45. R7d6+ {was called for.} Ke7 46. Rd7+ Kf8 47. Rb7 Rc1+ 48. Kd3 c4+ 49. Ke3 Re1+ 50. Kf4) 45... Ke5 $2 ({Black should play} 45... Kf5 $1 $19 46. Rd5+ (46. Rf7+ $2 Ke5 $19) 46... Kg4) 46. Rd5+ $11 {The position is equal.} Ke4 {[%cal Rf1c1]} 47. Re7+ Kf3 {And now ...Rc1+ would win.} (47... Kf4 $5 48. Rf7+ $8 Ke4 49. Re7+ Kf3 50. Rf5+ Kg2 51. Rxf1 Kxf1 $15) 48. Rf5+ Kg2 49. Rxf1 Kxf1 50. Rxg7 Rxh2 {KR-KR} 51. Rb7 Rc2+ 52. Kd3 Rg2 53. Rxb6 {Black must now prevent Rb1+.} Rxg5 54. Ra6 Ke1 55. Kc3 a4 56. Rxa4 Rg3+ 57. Kc4 Rg4+ 58. Kb5 Rxa4 59. Kxa4 Kd2 {( -> ...c4)} (59... c4 $5 60. Kb4 $8 Kf2 $11) 60. Kb5 c4 61. Kxc4 {Precision: White = 70%, Black = 83%.} 1/2-1/2